The dinosaur with the noisy snore / (Record no. 49312)
| 000 -LEADER | |
|---|---|
| fixed length control field | 00327nam a2200109 4500 |
| 020 ## - INTERNATIONAL STANDARD BOOK NUMBER | |
| International Standard Book Number | 9781803702476 |
| 100 ## - MAIN ENTRY--PERSONAL NAME | |
| Personal name | Punter, Russell |
| 9 (RLIN) | 51278 |
| 245 ## - TITLE STATEMENT | |
| Title | The dinosaur with the noisy snore / |
| Statement of responsibility, etc | Russell Punter & Andy Elkerton |
| 260 ## - PUBLICATION, DISTRIBUTION, ETC. (IMPRINT) | |
| Place of publication, distribution, etc | London |
| Name of publisher, distributor, etc | Usborne Publishing |
| Date of publication, distribution, etc | 2022 |
| 300 ## - PHYSICAL DESCRIPTION | |
| Extent | unpaged. |
| Other physical details | col. ill. |
| Dimensions | 25 cm. |
| 942 ## - ADDED ENTRY ELEMENTS (KOHA) | |
| Source of classification or shelving scheme | |
| Koha item type | Book |
| Withdrawn status | Lost status | Source of classification or shelving scheme | Damaged status | Not for loan | Home library | Current library | Date acquired | Total Checkouts | Full call number | Barcode | Date last seen | Date checked out | Price effective from | Koha item type |
|---|---|---|---|---|---|---|---|---|---|---|---|---|---|---|
| Asian Hope Early Years Library | Asian Hope Early Years Library | 08/15/2025 | 8 | E PUN | 208901 | 04/29/2026 | 04/22/2026 | 08/15/2025 | Book |